01927cam a22002531 4500001001300000003000400013005001700017008004100034010001700075035001900092040005200111042001200163050001600175100004900191245023000240260004600470300004000516500006100556500004000617505086600657650003001523710004101553740007901594f 20000035 DLC20260227111248.0770707m18841887dcudf f000 0 eng c af 20000035  a(OCoLC)3097807 aU.S. Bureau of Fish. LibrarycTxShAdOCoLCdDLC apremarc00aSH221b.G591 aGoode, G. Brownq(George Brown),d1851-1896.14aThe fisheries and fishery industries of the United States.cPrepared through the co-operation of the commissioner of fisheries and the superintendent of the tenth census by George Brown Goode ... and a staff of associates ... aWashington,bGovt. Print. Off.,c1884-87. a8 v. in 7.bplates, charts.c28 cm. aAt head of title: U.S. Commission of Fish and Fisheries. aCommonly known as the Goode report.1 asec. I. Natural history of useful aquatic animals by G.B. Goode, J.A. Allen, H.W. Elliot, F.W. True, E. Ingersoll, J.A. Ryder, R. Rathbun. 2 v.--sec. II. A geographical review of the fisheries industries and fishing communities for the year 1880, by R.E. Earll, W.A. Wilcox, A.H. Clark, F. Mather, J.W. Collins, M. McDonald, S. Stearns, D.S. Jordan, F.W. True.--sec. III. The fishing grounds of North America, by R. Rathbun, J.W. Collins, D.S. Jordan, T.H. Bean, L. Kumlien, F.W. True.--sec. IV. The fishermen of the United States, by G.B. Goode, J.W. Collins.--sec. V. History and methods of fisheries, by G.B. Goode, J.W. Collins, N.P. Scudder, T.H. Bean, A.H. Clark, R.E. Earll, S. Stearns, F.W. True, M. McDonald, W.A. Wilcox, C.G. Atkins, D.S. Jordan, C.H. Gilbert, L. Kumlien, A.H. Clark, J.T. Brown, H.W. Elliot, J.H. Swan, E. Ingersoll, R. Rathbun. 3 v. 0aFisherieszUnited States.1 aUnited States.bBureau of Fisheries.0 aGoode report on the fisheries and fishery industries of the United States.